01008nam a22002175i 4500001000700000003000900007005001700016008004100033040003000074100002300104245015500127260008000282300002600362490008200388650001500470650003300485700002100518700002600539830008200565852014300647162364ES-MaACL20250903022218.0011108s1892 fr |||| | fre d aCCPB | B bspa cCCPB | B1 aPoincaré, Henri.10aThèorie mathématique de la lumière b: nouvelles études sur la diffraction ... / cpar H. Poincaré ; rédigées par Lamotte et Hurmuzescu. aParis : bGeorges Carré, éditeur, c1892 (fImprimerie Deslis frères) aVI, 310 p. ; c24 cm.1 aCours de la Faculté des Sciences de Paris. Cours de physique mathématique 7aLuz2embne 7aFísica matemática2embne1 aLamotte, Marcel.1 aHurmuzescu, Dragomir.0 aCours de la Faculté des Sciences de Paris. Cours de physique mathématique aES-MaACLjB-4579 z-- Enc. hol., conservando la cub. original z-- Banderilla en pie de imp.: Paris : Gauthier-Villars, imprimeur-libraire